Statistics for Biblical Idioms #2

Click here to take the quiz!

General Stats

  • This quiz has been taken 74 times
  • The average score is 15 of 20

Answer Stats

Biblical Idiom% Correct
Don't put words in my {mouth}
100%
Live by the sword, {die} by the sword
98%
Another one bites the {dust}
97%
O ye, of little {faith}
90%
An eye for an eye, a {tooth} for a {tooth}
89%
Cast the first {stone}
86%
A man after my own {heart}
84%
Nothing but skin and {bones}
84%
Search the four corners of the {earth}
84%
Better to give than to {receive}
83%
Fall from {grace}
81%
Kiss of {death}
79%
Labour of {love}
79%
The {blind} leading the {blind}
78%
Rise and {shine}
71%
Put your own {house} in order
65%
{Fly} in the ointment
56%
For everything there is a {season}
49%
See {eye} to {eye}
44%
It's a drop in the {bucket}
40%

Score Distribution

Percentile by Number Answered

Percent of People with Each Score

Your Score History

You have not taken this quiz